| 000 | 00645cab a2200217 4500 | ||
|---|---|---|---|
| 001 | WB2620-01 | ||
| 008 | 090401t1990 xxu||||| |||| 00| 0 eng d | ||
| 035 | _a(Sirsi) u61264 | ||
| 041 | _aeng | ||
| 245 | _a100,000 construction jobs to go | ||
| 260 | _c1990 | ||
| 350 | _a0 | ||
| 490 |
_aNew Builder _v17/5/90 p4 |
||
| 520 | _aIt is predicted that up to 100,000 jobs will be lost in the construction industry this year. Figures on job losses between Nov 1989 and May 1990 are included. | ||
| 650 | _aEMPLOYMENT FIGURES | ||
| 650 | _aRECESSION | ||
| 650 | _aSLUMP | ||
| 690 | _aBUILT ENVIRONMENT | ||
| 942 | _n0 | ||
| 948 | _c04/03/1997 | ||
| 999 |
_c37915 _d37915 |
||